| 000 | 00411nam a2200157Ia 4500 | ||
|---|---|---|---|
| 005 | 20250417140434.0 | ||
| 008 | 231217s9999 xx 000 0 und d | ||
| 020 | _a9788131404577 | ||
| 082 | _a650 RAV;1 R | ||
| 100 | _aRavinuthala Nagasudha ed. | ||
| 245 | 0 | _aBusiness etiquette : an introduction | |
| 260 |
_c2006 _bIcfai _aHyderabad |
||
| 300 | _avi, 193 | ||
| 650 | _aBusiness,eliquette | ||
| 942 | _cAA | ||
| 999 |
_c188485 _d188485 |
||